Karmayogi: (Record no. 189957)

MARC details
000 -LEADER
fixed length control field 00624nam a22001937a 4500
005 - DATE AND TIME OF LATEST TRANSACTION
control field 20220715101734.0
010 ## - LCCN (DPL NO)
LC control number ENG-133576
020 ## - INTERNATIONAL STANDARD BOOK NUMBER
International Standard Book Number 9780143425304
Terms of availability 250.00
035 ## - SYSTEM CONTROL NUMBER
System control number EN-117108
037 ## - SOURCE OF ACQUISITION
Source of stock number/acquisition DBAD/PUB
082 ## - DEWEY DECIMAL CLASSIFICATION NUMBER
Classification number 920
100 ## - MAIN ENTRY--PERSONAL NAME
Personal name Ashokan, M.S.
245 ## - TITLE STATEMENT
Title Karmayogi:
Statement of responsibility, etc by M.S. Ashokan; translated by Rajesh Rajamohan
Remainder of title a biography of E.Sreedharan /
260 ## - PUBLICATION, DISTRIBUTION, ETC. (IMPRINT)
Place of publication, distribution, etc Gurgaon
Name of publisher, distributor, etc Penguin Books
Date of publication, distribution, etc 2015
270 ## - ADDRESS
Address 7th Floor, Infiniry Tower C, DLF Cyber City,
City Gurgaon (Haryana)
Postal code 122002
300 ## - PHYSICAL DESCRIPTION
Extent ix,250p.
Dimensions 19cm(pbk)
Other physical details ill.
700 ## - ADDED ENTRY--PERSONAL NAME
Personal name Rajesh Rajamohan
942 ## - ADDED ENTRY ELEMENTS (KOHA)
Source of classification or shelving scheme Dewey Decimal Classification
Item type English Books
Classification part 920
Call number suffix ASH
Holdings
Withdrawn status Lost status Not for loan Collection code Home library Current library Date acquired Source of acquisition Cost, normal purchase price Full call number Barcode Copy number Cost, replacement price Koha item type
      Non-fiction Bawana Bawana 15/07/2022 DBAD/PUB 250.00 920 ASH EN-117108 1 250.00 English Books

© Delhi Public Library
Hit Counter
free hit counter